000 00922nam a22002537a 4500
003 BUBTL
008 240815b ||||| |||| 00| 0 eng d
020 _a9781398606630
041 _aeng
082 _a658.3/ Ar571a/ 2023
100 _95893
_aArmstrong, Michael
245 _aArmstrong's Handbook of Human Resource Management Practice:
_bA Guide to the Theory and Practice of People Management/
_cMichael Armstrong, Stephen Taylor
250 _a16th ed.
260 _aLondon:
_bKogan Page,
_cc2023
300 _axxxvii, 720p.:
_c25 cm.
500 _aIncludes Index
505 _aFundamentals of human resource management, the strategic approach to HRM, Delivering HR, Human resource management processes
650 0 _939
_aManagement
650 0 _95896
_aHuman Resource Management
700 _95897
_aTaylor, Stephen
856 _k0
_l0
_yDownload
942 _2ddc
_cBK
999 _c7348
_d7348